|
|
|
|
| LEADER |
00000cam a2200000 a 4500 |
| 001 |
vtls011889551 |
| 003 |
SK-MaSNL |
| 005 |
20260301224813.0 |
| 008 |
250312s1957 xo oda f p 001 0 slo |
| 015 |
|
|
|a SNBA1957
|
| 020 |
|
|
|q (viazané)
|
| 035 |
|
|
|a BCD1412D-C31D-4448-9A4D-549D482DF7E0
|
| 035 |
|
|
|a urn:nbn:sk:snk-am3ieym
|
| 035 |
|
|
|a urn:nbn:sk:snk-am00e7fx
|
| 040 |
|
|
|a SNK
|b slo
|c SNK
|e AACR2
|
| 041 |
1 |
|
|a slo
|h cze
|
| 044 |
|
|
|a xo
|c SK
|
| 072 |
|
7 |
|a 53
|x Fyzika
|2 konspekt
|
| 072 |
|
7 |
|a 37.016
|x Učebné osnovy. Vyučovacie predmety. Učebnice
|2 konspekt
|
| 080 |
|
|
|a 53
|2 2011
|
| 080 |
|
|
|a (075.2)
|2 2011
|
| 100 |
1 |
|
|a Špaček, Miroslav,
|d 1899-1974
|4 aut
|9 160293
|
| 245 |
1 |
0 |
|a Fyzika pre 7. ročník všeobecnovzdelávacích škôl
|c spracovali Miroslav Špaček a Jaroslav Vagner ; preložil Andrej Špánik
|
| 250 |
|
|
|a 2. vyd.
|
| 260 |
|
|
|a Bratislava
|b Slovenské pedagogické nakladateľstvo
|c 1957
|
| 300 |
|
|
|a 175 strán, [8] strán obrazových príloh
|b fotografie, grafy, ilustrácie, tabuľky
|c 21 cm
|
| 366 |
|
|
|e 50000 kusov
|
| 500 |
|
|
|a Preložené z češtiny
|
| 500 |
|
|
|a Obsahuje zoznam hĺbkotlačových príloh
|
| 500 |
|
|
|a Poznámky pod čiarou
|
| 504 |
|
|
|a Vecný register na strane 169-175
|
| 650 |
0 |
7 |
|a fyzika
|2 SNKPH
|9 816
|
| 650 |
0 |
7 |
|a učebnice základných škôl
|2 SNKPH
|9 89350
|
| 700 |
1 |
|
|a Vagner, Jaroslav
|4 aut
|9 307409
|
| 700 |
1 |
|
|a Špánik, Andrej
|4 trl
|9 307410
|
| 852 |
|
|
|a Slovenská národná knižnica
|
| 958 |
|
|
|a OND
|
| 958 |
|
|
|a RK
|
| 958 |
|
|
|a TL
|
| 958 |
|
|
|a CZ
|
| 958 |
|
|
|a OP
|
| 999 |
|
|
|c 948668
|d 950598
|
| 952 |
|
|
|a SNK
|b SNK
|y PREZ
|7 0
|p 17A0819436
|o snkSC 9759
|i snkKSP 1071/57
|0 0
|1 0
|4 0
|d 2019-09-26
|f 1
|l 0
|r 2025-07-09 00:00:00
|w 2026-02-24
|